00430nam a2200169 a 4500001000400000003000900004008004100013040002800054082001500082100002800097245002900125260003800154300001000192490001600202650002100218650002100239758CO-ViMGA141112s2004 ck r 000 u spa d aCO-ViMGAbspacCO-ViMGA04a611.8 G6821 aGoudot - Perrot, Andree10aCibernética y biologia aBarcelona : bOikos - tau, c1970 a126 p aQue se?, 1314aBIOCIBERNética14aSISTEMA NERVIOSO